| 000 | 00482nam a2200181Ia 4500 | ||
|---|---|---|---|
| 008 | 230711s9999||||xx |||||||||||||| ||und|| | ||
| 020 | _a978-1-259-00645-6 | ||
| 041 | _aENG | ||
| 082 |
_a621.31042 _bCH-E |
||
| 100 | _aChakrabarti,Abhijit | ||
| 245 | 0 | _aElectrical Machines | |
| 250 | _a1st Ed. | ||
| 260 |
_c2015 _aChennai _bMcGraw Hill Education(India) Private Limited.. |
||
| 300 | _a11.118p. | ||
| 650 | _aElectrical Engineering | ||
| 700 | _aDebnath, Sudipta | ||
| 942 | _cBK | ||
| 999 |
_c6953 _d6953 |
||